Surapati : man and legend :

Bibliographic Details
Main Author: Kumar, Ann , 1943- (Author)
Format: Book
Published: Leiden : E. J. Brill , 1976
Subjects:

MARC

LEADER 00000cam a2200000 7i4500
001 0000008438
005 20230311093000.0
008 021119n
020 |a 9004043640 
090 0 0 |a PL5172   |b .K8 
100 0 |a Kumar, Ann ,   |d 1943- ,   |e author 
245 0 0 |a Surapati :   |b man and legend :   |b a study of three Babad traditions   |c Ann Kumar 
260 2 |a Leiden :   |b E. J. Brill ,   |c 1976 
300 |a 421 p. ; ;   |c 25 sm. 
504 |a Includes bibliography (p. 398-402) and index 
650 0 |a Javanese literature   |x History and criticism 
651 0 |a Indonesia   |x History   |v Sources 
999 |a 1000045218   |b Book   |c OPEN SHELF (30 DAYS)   |e Gong Badak Campus 
999 |a 1000045219   |b Book   |c OPEN SHELF (30 DAYS)   |e Gong Badak Campus